[Event "TCh-CRO"]
[Site "Medulin CRO"]
[Date "2002.09.10"]
[Round "2"]
[White "Kurajica,B"]
[Black "Jukic,B"]
[Result "1-0"]
[WhiteElo "2555"]
[BlackElo "2393"]

1.c4 e5 2.g3 Nf6 3.Bg2 c6 4.d4 exd4 5.Qxd4 d5 6.cxd5 cxd5 7.Nh3 Nc6 8.Qa4 Bd7
9.O-O Nb4 10.Qb3 Qc8 11.Bd2 Bxh3 12.Bxb4 Bxb4 13.Qxb4 Bxg2 14.Kxg2 a5 15.Qb5+ Qc6
16.Nc3 a4 17.Rfd1 O-O 18.a3 Ra6 19.Rac1 Rfa8 20.Rd4 Ra5 21.Qd3 Ne4 22.Qe3 Rc8
23.Nxd5 Qxc1 24.Ne7+ Kf8 25.Nxc8 Qxc8 26.Qxe4 Rh5 27.g4 Rh6 28.Rxa4 g5 29.Rc4 Qd7
30.Qd4 Rd6 31.Qh8+ Ke7 32.Qe5+  1-0

[Event "FSIMB Sept"]
[Site "Budapest HUN"]
[Date "2002.09.11"]
[Round "5"]
[White "Gonda,L"]
[Black "Berczes,C"]
[Result "1/2-1/2"]
[WhiteElo "2309"]
[BlackElo "2316"]

1.c4 e5 2.g3 d6 3.Bg2 g6 4.d4 Bg7 5.Nf3 Nd7 6.Nc3 Ne7 7.O-O O-O 8.e4 h6 9.Be3 Kh7
10.dxe5 dxe5 11.Qd2 c6 12.Rad1 Qc7 13.Qd6 Qxd6 14.Rxd6 Re8 15.Bh3  1/2-1/2

[Event "7th WUCC Women"]
[Site "Ulaanbaatar MON"]
[Date "2002.09.19"]
[Round "8"]
[White "Kradolfer,C"]
[Black "Anhchimeg,B"]
[Result "0-1"]
[WhiteElo "2069"]
[BlackElo "2244"]

1.c4 e5 2.g3 Nc6 3.Bg2 d6 4.Nc3 Be6 5.d3 g6 6.Nf3 Bg7 7.O-O Nge7 8.Rb1 h6
9.b4 O-O 10.b5 Nd4 11.Nxd4 exd4 12.Nd5 Nxd5 13.cxd5 Bg4 14.h3 Bf5 15.Qc2 Re8
16.Rb4 Qc8 17.Kh2 Re5 18.Bb2 Bxh3 19.Bxd4 Bxg2 20.Kxg2 Rxd5 21.Bxg7 Kxg7
22.Qc3+ Kg8 23.Rc4 Rxb5 24.Rxc7 Qe6 25.Qd2 Re8 26.e3 Qd5+ 27.e4 Rxe4 28.Kg1 Re8
29.Qxh6 Qxd3 30.Qf4 Rf5 31.Qa4 b5 32.Qxa7 Qd5 33.Qb7 Qxa2 34.Qc6 Qe6 35.Rd7 Rd5
36.Rb1 Qe4 37.Rf1 Kg7 38.Rxd6 Rxd6 39.Qxd6 Rh8 40.f3 Qe3+ 41.Kg2 Qe2+ 42.Rf2 Rh2+
43.Kxh2 Qxf2+ 44.Kh3 Qxf3 45.Qe5+ Qf6 46.Qxb5 Qf5+ 47.Qxf5 gxf5 48.g4 Kf6
49.Kg3 fxg4 50.Kxg4 Ke5 51.Kg3 Ke4 52.Kg2 Ke3 53.Kg1 f5 54.Kg2 f4 55.Kg1 Ke2  0-1

[Event "TCh-FIN 2002-3"]
[Site "Finland FIN"]
[Date "2002.09.21"]
[Round "1"]
[White "Lehtinen,H"]
[Black "Puranen,J"]
[Result "1-0"]
[WhiteElo "2338"]
[BlackElo "2317"]

1.c4 e5 2.g3 Nc6 3.Bg2 g6 4.Nc3 Bg7 5.e4 d6 6.Nge2 f5 7.d3 Nh6 8.h4 Nf7 9.h5 g5
10.exf5 Bxf5 11.Bd5 h6 12.Be3 O-O 13.Qd2 Qd7 14.O-O-O Nb4 15.Be4 c6 16.Kb1 a5
17.Na4 Bxe4 18.dxe4 b5 19.Nb6 Qg4 20.Nc3 bxc4 21.a3 Rab8 22.Qe2 Qxe2 23.Nxe2 Rxb6
24.Bxb6 Nd3 25.Nc1 Rb8 26.Nxd3 Rxb6 27.Nc1 d5 28.exd5 e4 29.b3 c5 30.Kc2 a4
31.b4 cxb4 32.axb4 Rxb4 33.Rd2 Nd6 34.Na2 Rb2+ 35.Kc1 a3 36.Re1 Kf7 37.Re3 Rb3
38.Kc2 Rxe3 39.fxe3 Kf6 40.g4 Ke7 41.Rd1 Nf7 42.Nc3 Ne5 43.Rb1 Nxg4 44.Rb7+ Kf8
45.d6 Bf6 46.Kd2 Ke8 47.Ra7 Bxc3+ 48.Kxc3 Nxe3 49.Kd4 Nf5+ 50.Ke5  1-0

[Event "CUPA TC IND"]
[Site "Ploiesti ROM"]
[Date "2002.09.21"]
[Round "4"]
[White "Oncel,I"]
[Black "Dumitru,V"]
[Result "1-0"]
[WhiteElo "2173"]
[BlackElo "2071"]

1.c4 e5 2.g3 Nc6 3.Bg2 g6 4.Nc3 Bg7 5.e3 Nge7 6.Nge2 O-O 7.O-O d6 8.a3 f5
9.d4 e4 10.f3 exf3 11.Bxf3 Na5 12.Qa4 c6 13.Bd2 Qb6 14.Nd5 cxd5 15.Bxa5 Qa6
16.Qb5 Qxb5 17.cxb5 a6 18.Bb4 Rd8 19.bxa6 bxa6 20.Nf4 Bb7 21.Rac1 Rd7 22.Rc2 Bh6
23.Kf2 Bxf4 24.gxf4 Kf7 25.Rfc1 Ke6 26.Ba5 Rc8 27.Rxc8 Bxc8 28.Be2 Bb7 29.Bd1 Bc6
30.h4 Rb7 31.b4 Bb5 32.Bd8 Nc6 33.Bg5 Bc4 34.Rxc4 dxc4 35.d5+ Kxd5 36.Bf3+ Ke6
37.Bxc6 Rc7 38.Ba4 Kd5 39.Ke2 Rc8 40.Bf6 Ke6 41.Bd4 Kd5 42.Bc3 Rb8 43.Kd2 Rc8
44.Bc2 Rc7 45.Bd4 Ke6 46.Kc3 Kd5 47.a4 Rb7 48.Bd1 Ke4 49.Kxc4 Rc7+ 50.Kb3 Kd3
51.b5 axb5 52.axb5 h6 53.b6 Rb7 54.Bf3 Rb8 55.b7 Rd8 56.Ba7 Rf8 57.Bc6  1-0

[Event "VI Pablo Gorbea Mem"]
[Site "Madrid ESP"]
[Date "2002.09.22"]
[Round "7"]
[White "Gonzalez Aguirre,L"]
[Black "Pilgaard,K"]
[Result "0-1"]
[WhiteElo "2187"]
[BlackElo "2437"]

1.c4 e5 2.g3 Nf6 3.Bg2 d5 4.cxd5 Nxd5 5.Nc3 Nb6 6.Nf3 Nc6 7.O-O Be7 8.d3 O-O
9.Be3 Re8 10.Rc1 f5 11.Nd2 Nd4 12.Bxd4 exd4 13.Na4 Nxa4 14.Qxa4 c6 15.Nf3 Bf6
16.Rc2 Be6 17.b4 Qb6 18.Rb1 Kh8 19.Rcb2 Bd7 20.Qd1 Re7 21.Nd2 Rae8 22.Nc4 Qc7
23.a4 Be6 24.Rc2 Qd7 25.Rbb2 Bf7 26.Bf3 Bd5 27.Bg2 f4 28.Rc1 Bg5 29.Rcb1 b5
30.axb5 cxb5 31.Bxd5 Qxd5 32.Na5 Re6 33.Qf1 f3 34.exf3 Qxf3 35.Nb3 Rh6 36.Nc5 Rc6
37.Qg2 Qxg2+ 38.Kxg2 Bd8 39.Ra2 Re7 40.Ne4 Kg8 41.Kf3 h6 42.Ke2 Bb6 43.Kd2 Rec7
44.Rba1 Kf7 45.Rb1 Ke6 46.Rba1 Kf5 47.h3 h5 48.h4 Kg4 49.Kd1 Rc8 50.Rb1 Kf5
51.Rba1 R8c7 52.Kd2 Ke6 53.Kd1 Kd7 54.Kd2 Kc8 55.Kd1 Kb8 56.Kd2 Rf7 57.Rc1 Rxc1
58.Kxc1 Rc7+ 59.Rc2 Rxc2+ 60.Kxc2 Kc7 61.f3 Kc6 62.g4 Bd8 63.gxh5 Bxh4 64.Kb3 Kd5
65.f4 Be7 66.Ng3 Ke6 67.Ne2 Bf6 68.Ng3 Bd8 69.Ne2 Bb6 70.Ng3 Bc7 71.Ne2 Kd5
72.Kb2 Bd6 73.Kb3 a6 74.Ng3 Bxf4 75.Nf5 Be5 76.h6 g5 77.Ne7+ Ke6 78.Ng6 Bf6
79.h7 g4 80.Kc2  0-1

[Event "EuYCh B16"]
[Site "Peniscola ESP"]
[Date "2002.10.01"]
[Round "3"]
[White "Alcazar Jimenez,V"]
[Black "Kuzin,A"]
[Result "1/2-1/2"]
[WhiteElo "2326"]
[BlackElo "2240"]

1.c4 e5 2.g3 d6 3.Nc3 f5 4.Bg2 Nf6 5.e3 Be7 6.Nge2 O-O 7.O-O c6 8.d3 Be6
9.Rb1 d5 10.cxd5 cxd5 11.d4 e4 12.Qb3 Qd7 13.Bd2 Nc6 14.Rfc1 Rac8 15.Na4 b6
16.Rc2 Bd6 17.Rbc1 Rc7 18.Nf4 Rfc8 19.Bf1 Nd8 20.Rxc7 Rxc7 21.Rxc7 Qxc7 22.Bb4 g5
23.Nxe6 Nxe6 24.Nc3 Bxb4 25.Nxd5 Nxd5 26.Qxd5 Qf7 27.Bc4 Kg7 28.Qe5+ Qf6
29.Bxe6 Qxe5 30.dxe5 Kg6 31.g4 fxg4 32.Bxg4 h5 33.Bc8 Bd2 34.Kg2 Bc1 35.b3 Bb2
36.e6 Ba3 37.Bd7 Kf6 38.h4 gxh4 39.Kh3 Bb4 40.Kxh4 Be1 41.Kg3 h4+ 42.Kf4 Bxf2
43.Kxe4 h3 44.e7 Kxe7 45.Bxh3  1/2-1/2

[Event "IM It"]
[Site "Rosny sous Bois FRA"]
[Date "2002.10.03"]
[Round "9"]
[White "Wirig,A"]
[Black "Onkoud,A"]
[Result "0-1"]
[WhiteElo "2350"]
[BlackElo "2317"]

1.c4 e5 2.g3 g6 3.Bg2 Bg7 4.Nc3 Nc6 5.e4 d6 6.Nge2 f5 7.d3 Nf6 8.O-O O-O
9.h3 f4 10.gxf4 Nh5 11.fxe5 dxe5 12.Be3 Nf4 13.Bxf4 exf4 14.f3 Nd4 15.Qd2 Qh4
16.Kh2 Ne6 17.Qe1 Qh5 18.Ng1 Bd7 19.Nce2 Rad8 20.Rd1 Bc8 21.Rd2 Rf7 22.Qf2 c5
23.Rfd1 Be5 24.Qf1 g5 25.Kh1 Kh8 26.Nc3 Nd4 27.Nce2 Rd6 28.Nxd4 Bxd4 29.Re2 Rh6
30.Rdd2 Rg7 31.Rc2 g4 32.fxg4 Bxg4 33.Qxf4 Bxh3 34.Qf8+ Rg8 35.Qxg8+ Kxg8
36.Nxh3 Qg4  0-1

[Event "ch-ESP Open"]
[Site "Ayamonte ESP"]
[Date "2002.10.05"]
[Round "2"]
[White "Perez Fungueiro,M"]
[Black "Perez Candelario,M"]
[Result "1/2-1/2"]
[WhiteElo "2221"]
[BlackElo "2408"]

1.c4 e5 2.g3 Nf6 3.Bg2 d5 4.cxd5 Nxd5 5.Nf3 Nc6 6.O-O Be7 7.d4 exd4 8.Nxd4 Nxd4
9.Qxd4 Nf6 10.Qa4+ c6 11.Nc3 O-O 12.Bf4 Be6 13.Rad1 Qb6 14.Qc2 Rfd8 15.b3 Qa5
16.e4 Qh5 17.f3 Qc5+ 18.Kh1 a5 19.Qc1 b5 20.Be3 Qa3 21.e5 Nd5 22.Qxa3 Bxa3
23.Nxd5 Bxd5 24.f4 Bxg2+ 25.Kxg2 c5 26.Rxd8+ Rxd8 27.Kf3 Kf8 28.Rf2 Rd3 29.Ke4 Rc3
30.f5 Ke8 31.Re2 g6 32.f6 Bb4 33.Bf2 Rc1 34.Be3 Rc3 35.Bf2 Rc1 36.Be3 Rc3
37.Bf2 c4 38.Be1 Rc1 39.Bxb4 axb4 40.Kd4 Kd7 41.bxc4 Rxc4+  1/2-1/2

[Event "EuYCh B16"]
[Site "Peniscola ESP"]
[Date "2002.10.07"]
[Round "8"]
[White "Alonso Alvarez,A"]
[Black "Martyn,R"]
[Result "0-1"]
[WhiteElo "2131"]
[BlackElo "2201"]

1.g3 e5 2.c4 Nf6 3.Bg2 c6 4.d4 Bb4+ 5.Bd2 Bxd2+ 6.Qxd2 d6 7.Nc3 O-O 8.e4 a6
9.Nge2 b5 10.b3 Bb7 11.O-O Nbd7 12.d5 cxd5 13.Nxd5 Bxd5 14.cxd5 Nc5 15.f3 Qb6
16.Kh1 b4 17.Bh3 Ne8 18.Nc1 Nc7 19.Nd3 Nxd3 20.Qxd3 Nb5 21.Rfc1 Nc3 22.a3 a5
23.a4 Rae8 24.Rf1 g6 25.Rae1 Re7 26.g4 Kg7 27.f4 Qd4 28.Qxd4 exd4 29.Kg2 f6
30.g5 fxg5 31.e5 d3 32.exd6 Rxe1 33.Rxe1 d2 34.Re7+ Rf7 35.Rxf7+ Kxf7  0-1

[Event "1st Yemen Open"]
[Site "Sanaa YEM"]
[Date "2002.10.10"]
[Round "5"]
[White "Ghaem Maghami,E"]
[Black "Al Zendani,Z"]
[Result "1-0"]
[WhiteElo "2511"]
[BlackElo "2289"]

1.c4 e5 2.g3 Nf6 3.Bg2 Nc6 4.Nf3 d5 5.cxd5 Nxd5 6.d3 Be7 7.Nc3 Nb6 8.a3 Be6
9.O-O a5 10.Be3 Nd5 11.Nxd5 Bxd5 12.Qa4 O-O 13.Rfc1 f6 14.Bc5 Bxc5 15.Rxc5 Bxf3
16.Bxf3 Nd4 17.Bd5+ Kh8 18.e3 c6 19.exd4 cxd5 20.Qb5 exd4 21.Re1 f5 22.Rxd5 Qf6
23.f4 h6 24.Rde5 Ra6 25.R1e2 Rb6 26.Qxa5 Rb3 27.Re6 Qf7 28.Re7 Qg6 29.R7e6 Qf7
30.Qd2 Qd7 31.Qc2 Qb5 32.Rd2 Kh7 33.Re5 Qb6 34.Qc5 Qxc5 35.Rxc5 Re8 36.Rxf5 Re3
37.Kf2 Kg6 38.Rd5 Rexd3 39.Rxd3 Rxd3 40.Rb5 h5 41.Ke2 Re3+ 42.Kd2 Rf3 43.Rxb7 h4
44.Rb6+ Kf5 45.Rb5+ Kg4 46.Rg5+ Kh3 47.gxh4 Rxf4 48.Rg1 Rf2+ 49.Kc1 Kxh4
50.Rg3 Re2 51.a4 Re1+ 52.Kc2 Re2+ 53.Kb3  1-0

[Event "TCh-SWE"]
[Site "Helsingborg SWE"]
[Date "2002.10.11"]
[Round "1"]
[White "Larsson,P"]
[Black "Brynell,S"]
[Result "1/2-1/2"]
[WhiteElo "2350"]
[BlackElo "2524"]

1.c4 e5 2.g3 Nf6 3.Bg2 c6 4.d4 Bb4+ 5.Bd2 Bxd2+ 6.Qxd2 d6 7.dxe5 dxe5 8.Qxd8+ Kxd8
9.Nf3 Re8 10.Nc3 Bf5 11.O-O Kc7 12.Rfd1 a5 13.Rac1 Nbd7 14.Na4 Nb6 15.Nc5 Nfd7
16.Nxd7 Nxd7 17.Ng5 Re7 18.Ne4 Bxe4 19.Bxe4 Nc5 20.Bc2 h6 21.Kf1 Rd8 22.Rxd8 Kxd8
23.Ke1 Rd7 24.Rd1 b5 25.cxb5 Rxd1+ 26.Kxd1 cxb5 27.a3 b4 28.axb4 axb4 29.Kd2 Ke7
30.Bd3 Kd6 31.Bc4 f6 32.h4 Na4 33.Kc2 Nc5 34.Kd2 g5 35.hxg5 fxg5 36.g4 Ne4+
37.Ke3 Nc5 38.Kd2 e4 39.Kc2 e3 40.fxe3 Ne4 41.Ba6 b3+ 42.Kc1 Ke5 43.Bc8 Nc5
44.Kd2 Na4 45.Kc1 Ke4 46.Kd2 Ke5 47.Kc1 Ke4 48.Kd2  1/2-1/2

[Event "4th ZNG111 IM"]
[Site "Opatija CRO"]
[Date "2002.10.11"]
[Round "9"]
[White "Rukavina,J"]
[Black "Gombac,Jan"]
[Result "1/2-1/2"]
[WhiteElo "2393"]
[BlackElo "2286"]

1.c4 e5 2.g3 c6 3.Nf3 e4 4.Nd4 Nf6 5.Nc3 d5 6.cxd5 cxd5 7.d3 Bc5 8.Nb3 Bb4
9.Bg2 O-O 10.O-O h6 11.Qc2 Bxc3 12.Qxc3 Nc6 13.Nd4 Ne5 14.Bf4 Ng6 15.Bc7 Qe7
16.Nb5 Qd7 17.a4 exd3 18.exd3 b6 19.Rfc1 Bb7 20.Be5 Rac8 21.Qd4 Nxe5 22.Qxe5 Ba6
23.Nc3 Bxd3 24.Rd1 Bc4 25.Bxd5 Nxd5 26.Nxd5 Bxd5 27.Rxd5 Qc6 28.Qd4 Qc4 29.Rd1 Qxd4
30.R1xd4 Rc7 31.a5 bxa5 32.Rb5 Re8 33.Rxa5 Rb8 34.b4 Rc1+ 35.Kg2 Rb1 36.Ra4 Rb2
37.h4 Rb7 38.h5 Rc7 39.g4 Rcc2 40.Rf4 Ra2 41.Rxa2 Rxa2 42.Rf5 Rb2 43.Rb5 a5  1/2-1/2

[Event "1st Yemen Open"]
[Site "Sanaa YEM"]
[Date "2002.10.12"]
[Round "7"]
[White "Ghaem Maghami,E"]
[Black "Alqudaimi,B"]
[Result "1/2-1/2"]
[WhiteElo "2511"]
[BlackElo "2237"]

1.c4 e5 2.g3 Nf6 3.Bg2 c6 4.b3 d5 5.Bb2 Bd6 6.d3 d4 7.Nf3 c5 8.b4 cxb4 9.O-O O-O
10.a3 Nc6 11.axb4 Bxb4 12.Ba3 Bxa3 13.Nxa3 Nd7 14.Nd2 Nc5 15.Nb3 Ne6 16.Qd2 Qe7
17.Rfc1 Nc7 18.Na5 Nxa5 19.Qxa5 b6 20.Qa4 Bd7 21.Nb5 a6 22.Bxa8 axb5 23.cxb5 Nxa8
24.Qxa8 Rxa8 25.Rxa8+ Be8 26.Rc7 Qe6 27.Rc6 Qd7 28.Rxb6 h5 29.Rbb8 Kh7 30.b6 Qb5  1/2-1/2

[Event "TCh-BEL 2001-2"]
[Site "Belgium BEL"]
[Date "2002.10.15"]
[Round "10"]
[White "Cekro,E"]
[Black "Timmermans,I"]
[Result "1-0"]
[WhiteElo "2419"]
[BlackElo "2190"]

1.c4 e5 2.g3 Nf6 3.Bg2 Nc6 4.Nc3 Bb4 5.Nd5 Bc5 6.e3 d6 7.h3 O-O 8.Ne2 Nxd5
9.cxd5 Ne7 10.O-O a6 11.d4 exd4 12.Nxd4 Nf5 13.Ne2 Bd7 14.Rb1 a5 15.Qd3 Re8
16.b3 Ra6 17.Bd2 Bb4 18.Rfc1 Ba3 19.Rc2 Ne7 20.Nd4 Qc8 21.Kh2 Ng6 22.b4 axb4
23.Bxb4 Ne5 24.Qc3 Bxb4 25.Qxb4 Ba4 26.Rc3 Nd7 27.Qxb7 Nc5 28.Qxc8 Rxc8 29.Rb4 Kf8
30.Bf1 Ra5 31.Kg2 g6 32.Bc4 Ke7 33.Rc1 Rca8 34.Nf3 Bd7 35.g4 h6 36.Nd2 Ra3
37.Nb1 Nd3 38.Bxd3 Rxd3 39.Rxc7 Kd8 40.Rbb7 Be8 41.Nc3 Ra3 42.Ne4 Rxd5 43.Nf6  1-0

[Event "19th Muensterland Open"]
[Site "Senden GER"]
[Date "2002.10.18"]
[Round "9"]
[White "Lehmann,Ho"]
[Black "Karpatchev,A"]
[Result "0-1"]
[WhiteElo "2215"]
[BlackElo "2489"]

1.c4 e5 2.g3 Nf6 3.Bg2 d5 4.cxd5 Nxd5 5.Nc3 Nb6 6.Nf3 Nc6 7.O-O Be7 8.Rb1 g5
9.b4 g4 10.Ne1 Nxb4 11.Nc2 Nc6 12.Bxc6+ bxc6 13.d4 f6 14.Qd3 Be6 15.f4 gxf3
16.Qxf3 exd4 17.Ne4 O-O 18.Bh6 Rf7 19.Rbd1 c5 20.Ne3 f5 21.Qh5 fxe4 22.Rxf7 Bxf7
23.Qg4+ Bg6 24.Qe6+ Kh8  0-1

[Event "TCh-FIN 2002-3"]
[Site "Finland FIN"]
[Date "2002.10.19"]
[Round "2"]
[White "Natri,A"]
[Black "Nieminen,K"]
[Result "1/2-1/2"]
[WhiteElo "2189"]
[BlackElo "2187"]

1.c4 e5 2.g3 Nf6 3.Bg2 Nc6 4.Nc3 Bc5 5.e3 d5 6.Nxd5 Nxd5 7.cxd5 Nb4 8.Qb3 Bf5
9.e4 Bd7 10.a3 Qf6 11.Nf3 Na6 12.O-O O-O 13.Qd3 Bd6 14.b4 c5 15.dxc6 Bxc6
16.Bb2 Nc7 17.Rfe1 a5 18.Qe3 axb4 19.axb4 Qe7 20.d4 Bxb4 21.Rec1 Rxa1 22.Rxa1 exd4
23.Nxd4 Ne6 24.Nf5 Qc5  1/2-1/2

[Event "TCh-FIN 2002-3"]
[Site "Finland FIN"]
[Date "2002.10.20"]
[Round "3"]
[White "Hentunen,A"]
[Black "Keskinen,S"]
[Result "1-0"]
[WhiteElo "2322"]
[BlackElo "2227"]

1.c4 e5 2.g3 Nc6 3.Bg2 g6 4.Nc3 Bg7 5.Rb1 a5 6.a3 f5 7.d3 Nf6 8.b4 axb4 9.axb4 O-O
10.Nf3 d6 11.b5 Ne7 12.c5 e4 13.dxe4 fxe4 14.Ng5 d5 15.Qb3 Kh8 16.h4 c6 17.O-O Bf5
18.e3 Qd7 19.Rd1 h6 20.Ngxe4 Nxe4 21.Nxe4 Qe6 22.Nd2 Bxb1 23.Nxb1 Qf5 24.Rf1 Ra5
25.Na3 Rfa8 26.Rd1 Qg4 27.Bf1 Qa4 28.Qd3 Qb4 29.bxc6 bxc6 30.Nc2 Qxc5 31.Nd4 Qd6
32.Bh3 Ra2 33.Ne6 Be5 34.e4 Kh7 35.h5 g5 36.exd5+ Kh8 37.Qf3 cxd5 38.Re1 Ra1
39.Kg2 d4 40.Qf7 Rg8 41.Bg4 Ra7 42.Bb2 Nc6 43.Qf5 Ra5 44.Bf3 Bg7 45.Qc2 Re5
46.Nxg7 Rxg7 47.Rc1 Ne7 48.Be4 g4 49.Qd3 Qe6 50.Qxd4  1-0

[Event "10th Chigorin Mem"]
[Site "St Petersburg RUS"]
[Date "2002.10.26"]
[Round "2"]
[White "Sorokin,M"]
[Black "Polovodin,I"]
[Result "1/2-1/2"]
[WhiteElo "2531"]
[BlackElo "2453"]

1.c4 e5 2.g3 Nc6 3.Nc3 g6 4.Bg2 Bg7 5.Rb1 f5 6.b4 Nf6 7.b5 Ne7 8.Qb3 d6 9.d3 O-O
10.f4 Kh8 11.Nf3 exf4 12.gxf4 a6 13.O-O axb5 14.cxb5 Qd7 15.Bd2 Qe6 16.Rfc1 Qxb3
17.axb3 Bd7 18.e3 h6 19.Nd4 Rab8 20.Ra1 c5 21.Nde2 Be6 22.Ra7  1/2-1/2

[Event "Olympiad w"]
[Site "Bled SLO"]
[Date "2002.10.27"]
[Round "2"]
[White "Voiska,M"]
[Black "Heinatz,G"]
[Result "1-0"]
[WhiteElo "2354"]
[BlackElo "2232"]

1.c4 e5 2.g3 Nf6 3.Bg2 d5 4.cxd5 Nxd5 5.Nf3 Nc6 6.O-O Be7 7.d4 exd4 8.Nxd4 Nxd4
9.Qxd4 Nf6 10.Qa4+ c6 11.Nc3 O-O 12.e4 Ng4 13.h3 Ne5 14.Kh2 b5 15.Qc2 b4
16.Rd1 Qa5 17.Ne2 Ba6 18.Nd4 Rac8 19.f4 Nc4 20.Nf5 Qc7 21.Bf1  1-0

[Event "Olympiad w"]
[Site "Bled SLO"]
[Date "2002.10.31"]
[Round "6"]
[White "Bashkite,V"]
[Black "Tallova,I"]
[Result "0-1"]
[WhiteElo "2138"]
[BlackElo "2153"]

1.c4 e5 2.g3 g6 3.Bg2 Bg7 4.Nc3 Nc6 5.e3 d6 6.Nge2 Be6 7.d4 exd4 8.exd4 Bf5
9.O-O Nge7 10.a3 Qd7 11.Re1 O-O 12.b4 Bh3 13.Bh1 Nf5 14.Be3 Bg4 15.Qd2 Rfe8
16.Bg2 h5 17.Rac1 h4 18.Nb5 a6 19.d5 Ne5 20.Nbd4 Nxe3 21.fxe3 hxg3 22.hxg3 Bh3
23.Nf4 Bxg2 24.Kxg2 Ng4 25.Kf3 Bf6 26.Qc2 Nxe3 27.Rxe3 Bxd4 28.Rd3 Bf6 29.Rd2 Kg7
30.Rh1 Rh8 31.Re1 Rae8 32.Rde2 Rxe2 33.Rxe2 g5 34.Re6 gxf4 35.Rxf6 fxg3 36.Rf5 Rh6
37.Kxg3 Rg6+ 38.Kf4 Qe7 39.Qc3+ Kg8 40.Qh3 Qe1 41.Qd3 Qh4+ 42.Ke3 Rg3+ 43.Rf3 Rxf3+
44.Kxf3 Qh3+ 45.Ke4 Qxd3+ 46.Kxd3 Kg7 47.Ke4 Kg6 48.Kf4 b6 49.a4 a5  0-1

[Event "Olympiad"]
[Site "Bled SLO"]
[Date "2002.10.31"]
[Round "6"]
[White "Collins,S"]
[Black "Mosquera,M"]
[Result "1-0"]
[WhiteElo "2372"]
[BlackElo "2384"]

1.c4 e5 2.g3 Nf6 3.Bg2 d5 4.cxd5 Nxd5 5.Nf3 Nc6 6.Nc3 Nb6 7.O-O Be7 8.a3 Be6
9.b4 O-O 10.Rb1 f6 11.d3 a5 12.b5 Nd4 13.Nd2 Nd5 14.Bxd5 Bxd5 15.e3 Nf5 16.e4 Bf7
17.exf5 Qxd3 18.Nde4 Qc4 19.Qf3 Rfd8 20.Bb2 Rd3 21.Qe2 Rad8 22.Rfd1 R3d4
23.Rxd4 Rxd4 24.Qxc4 Bxc4 25.f3 g6 26.g4 gxf5 27.gxf5 Kf7 28.Kf2 Rd8 29.Rc1 Bd3
30.Rd1 Rd7 31.a4 Bf8 32.h4 b6 33.Bc1 Bb4 34.Ke3 Bxc3 35.Rxd3 Bd4+ 36.Ke2 Rd8
37.Nxf6 c6 38.bxc6 Rc8 39.Nxh7 Rxc6 40.Be3 Rc4 41.Ng5+ Ke7 42.Bxd4 exd4 43.Ne6 Rxa4
44.Rxd4 Ra2+ 45.Rd2 Ra4 46.Rb2 Rxh4 47.Rxb6 Kf6 48.Nd4+ Ke5 49.Nc6+ Kf4 50.f6 Rh2+
51.Kd3 Rh8 52.f7 Rf8 53.Rb7 a4 54.Nd4 Ke5 55.Ra7 a3 56.f4+ Kf6 57.Nf3 Rxf7
58.Rc7 Rg7 59.Rf7+ Kxf7 60.Kc3 Kg6 61.Nd4  1-0

[Event "Olympiad w"]
[Site "Bled SLO"]
[Date "2002.11.01"]
[Round "7"]
[White "Ptacnikova,L"]
[Black "Fakhiridou,E"]
[Result "1-0"]
[WhiteElo "2224"]
[BlackElo "2313"]

1.c4 e5 2.g3 d6 3.Bg2 f5 4.d3 Nf6 5.Nc3 Be7 6.e4 Nc6 7.Nge2 O-O 8.O-O Qe8
9.Nd5 Bd8 10.f3 Kh8 11.Be3 Nxd5 12.cxd5 Ne7 13.Qd2 Ng6 14.Rac1 h6 15.Rc2 Bd7
16.Rfc1 Qf7 17.Qb4 Bc8 18.Nc3 a6 19.Na4 f4 20.Bf2 Ne7 21.d4 exd4 22.Rxc7 Bxc7
23.Rxc7 fxg3 24.hxg3 Bh3 25.Bxh3 Nxd5 26.Rxf7 Nxb4 27.Rxb7 Nc2 28.f4 Rae8
29.Bf1 Rb8 30.Rd7 Rfd8 31.Rxd8+ Rxd8 32.a3 d5 33.e5 a5 34.Bd3 Ne3 35.Bxe3 dxe3
36.Kg2 Rc8 37.Kf3 d4 38.b4 axb4 39.axb4 Ra8 40.Nc5 Ra2 41.Be2 g5 42.fxg5 hxg5
43.g4 Ra7 44.Nb3 Rf7+ 45.Ke4 d3 46.Kxd3 Rb7 47.Kc4 Kg7 48.b5 Kf7 49.Kd4 Rc7
50.Nc5 Rc8 51.b6 Ke7 52.b7 Rb8 53.Kxe3 Kd8 54.Bf3  1-0

[Event "British Rapidplay"]
[Site "Bradford ENG"]
[Date "2002.11.01"]
[Round "8"]
[White "Davies,N"]
[Black "Gayson,P"]
[Result "1-0"]
[WhiteElo "2483"]
[BlackElo "2257"]

1.c4 e5 2.g3 d6 3.Bg2 f5 4.Nc3 Nf6 5.d3 Be7 6.e4 Nc6 7.Nge2 O-O 8.Nd5 fxe4
9.dxe4 Bg4 10.f3 Be6 11.O-O Qd7 12.Be3 Rae8 13.Qd2 Bd8 14.Rad1 Qf7 15.b3 a6
16.Nec3 Kh8 17.c5 dxc5 18.Bxc5 Rg8 19.f4 exf4 20.Qxf4 Qh5 21.Ba3 Ng4 22.h3 Nge5
23.g4 Qh4 24.Ne2 Ng6 25.Qg3 Nce5 26.Ne3 Be7 27.Bxe7 Rxe7 28.Nf5 Qxg3 29.Nexg3 Rd7
30.Rxd7 Bxd7 31.Nh5 b6 32.Rd1 Bxf5 33.exf5 Nh4 34.Bb7 g6 35.fxg6 hxg6 36.Ng3 Rf8
37.Rf1 Rd8 38.Ne4 Rd3 39.Rf8+ Kg7 40.Rc8 Nef3+ 41.Kf2 c5 42.Rc7+ Kh6 43.Bxa6 Rd4
44.Bb7 Ng5 45.Nxg5 Kxg5 46.Ke3 Rd1 47.Rc6 Re1+ 48.Kf2 Ra1 49.a4 Ra2+ 50.Ke3 c4
51.Rxc4 Ra1 52.Rb4 Re1+  1-0

[Event "Olympiad w"]
[Site "Bled SLO"]
[Date "2002.11.08"]
[Round "13"]
[White "Bojkovic,N"]
[Black "Skripchenko,A"]
[Result "1/2-1/2"]
[WhiteElo "2424"]
[BlackElo "2497"]

1.c4 e5 2.g3 Nc6 3.Bg2 f5 4.Nc3 Nf6 5.e3 d5 6.cxd5 Nb4 7.d3 Nbxd5 8.Nxd5 Nxd5
9.a3 Nf6 10.Qc2 Bd6 11.Nf3 O-O 12.O-O Qe8 13.Bd2 Qh5 14.Qc4+ Kh8 15.Bb4 Bd7
16.Bxd6 cxd6 17.Qh4 Qe8 18.Qb4 Bb5 19.Rfd1 Rd8 20.Nh4 Qd7 21.Rac1 f4 22.exf4 exf4
23.Qxf4 Ng4 24.Qd4 Nxf2 25.Ng6+ hxg6 26.Qh4+ Kg8 27.Bd5+ Rf7 28.Bxf7+ Kxf7
29.Rf1 Kg8 30.Rxf2 Re8 31.Qd4 Bc6 32.Qxa7 Qg4 33.Rcf1 g5 34.Qb6 Re6 35.Qb4 Qh3
36.Qc4 Kh7 37.d4 Qg4 38.Qd3+ Be4 39.Qd1 Qh3 40.Qd2 g4 41.d5 Re5 42.Re1 Rxd5
43.Qb4 Bf3 44.Qf4 Qh5 45.Rd2 Rxd2 46.Qxd2 Qc5+ 47.Qe3 Qc2 48.Qf2 Qc4 49.h3 d5
50.hxg4 Bxg4 51.Qe3 Bf5 52.Qf4 Be4 53.Qd2 Qc8 54.Rc1 Qg4 55.Qf4 Qe2 56.Qf2 Qd3
57.Re1 Qb3 58.Kh2 Qc4 59.Qd2 Qa6 60.b4 Qf6 61.Qe3 Qe5 62.Kg1 Qb2 63.Re2 Qa1+
64.Re1 Qb2 65.Re2 Qa1+ 66.Re1 Qb2 67.Re2 Qa2  1/2-1/2

[Event "Olympiad"]
[Site "Bled SLO"]
[Date "2002.11.10"]
[Round "14"]
[White "Alqudaimi,B"]
[Black "Bermudez,S"]
[Result "1-0"]
[WhiteElo "2237"]
[BlackElo "2160"]

1.c4 e5 2.g3 Nf6 3.Bg2 d5 4.cxd5 Nxd5 5.Nf3 Nc6 6.d3 Be7 7.O-O Be6 8.Nc3 O-O
9.a3 a5 10.Nxd5 Bxd5 11.Qa4 Qd7 12.Nxe5 Qe6 13.Bxd5 Qxe5 14.Bxc6 bxc6 15.Qc2 Rab8
16.Rb1 Qd5 17.Bd2 Rb6 18.e4 Qh5 19.Be3 c5 20.Rfc1 Rd8 21.Bxc5 Rc6 22.b4 axb4
23.axb4 Bxc5 24.bxc5 Rh6 25.f4 Qf3 26.Rd1 Ra6 27.Qf2 Qg4 28.Rd2 h5 29.f5 Ra3
30.Rbd1 Rc3 31.h4 Rc2 32.Qe3 Ra8 33.Qf4 Qxf4 34.gxf4 Rxc5 35.Kf2 Kf8 36.Ke3 Ra3
37.Rg1 Rcc3 38.Rb1 c5 39.Rb8+ Ke7 40.Rb7+ Kf8 41.e5 c4 42.Rd7 Ra1 43.f6 gxf6
44.exf6 Ke8 45.Re7+ Kf8 46.Rc7 Ke8 47.Rxc4 Rxc4 48.dxc4 Ra6 49.Rd5 Ra3+ 50.Ke4 Rc3
51.c5 Rc4+ 52.Ke5 Rc1 53.Kd6 Kf8 54.Rxh5 Kg8 55.Rg5+ Kf8 56.c6 Rd1+ 57.Rd5  1-0

[Event "14th Open"]
[Site "Leuven BEL"]
[Date "2002.11.10"]
[Round "4"]
[White "Mohandesi,S"]
[Black "Geirnaert,S"]
[Result "1-0"]
[WhiteElo "2358"]
[BlackElo "2277"]

1.c4 e5 2.g3 Nc6 3.Bg2 g6 4.Nc3 Bg7 5.e3 d6 6.Nge2 Be6 7.d4 exd4 8.Nxd4 Bd7
9.O-O Nge7 10.Nde2 O-O 11.b3 Bg4 12.Bb2 Qd7 13.Qd2 Bh3 14.Bxh3 Qxh3 15.Nf4 Ne5
16.Nxh3 Nf3+ 17.Kg2 Nxd2 18.Rfd1 Ne4 19.Nxe4 Bxb2 20.Rab1 Be5 21.Rd3 Rfd8
22.Rbd1 Kf8 23.Neg5 h6 24.Nf3 Ke8 25.Ne1 a6 26.f4 Bg7 27.Nf2 b5 28.Rc1 Ra7
29.Nf3 Nc6 30.Rd2 Na5 31.c5 d5 32.Rcd1 c6 33.e4 Rad7 34.e5 Bf8 35.Nd3 d4
36.Rc2 Rd5 37.Nd2 Ra8 38.Nc4 Be7 39.Nd6+ Bxd6 40.cxd6 Rc8 41.Nb4 d3 42.Rxd3 Rxd3
43.Nxd3 Nb7 44.Nb4 Kd7 45.Nxa6 Ra8 46.Nb4 Nd8 47.Kf3 Ne6 48.Ke4 f5+ 49.Ke3 Rc8
50.h4 h5 51.Rc1 c5 52.Nd5 Rc6 53.a4 b4 54.Ne7  1-0

[Event "TCh-FIN 2002-3"]
[Site "Finland FIN"]
[Date "2002.11.16"]
[Round "4"]
[White "Hentunen,A"]
[Black "Innala,H"]
[Result "1/2-1/2"]
[WhiteElo "2322"]
[BlackElo "2245"]

1.c4 e5 2.g3 Nc6 3.Bg2 g6 4.Nc3 Bg7 5.Rb1 a5 6.a3 Nge7 7.b4 axb4 8.axb4 O-O
9.b5 Nd4 10.Nf3 Nxf3+ 11.Bxf3 f5 12.Qb3 e4 13.Bg2 Kh8 14.d3 exd3 15.exd3 Qe8
16.O-O Qf7 17.Nd5 Nxd5 18.Bxd5 Qe7 19.Bb2 Bxb2 20.Qxb2+ Qg7 21.Qxg7+ Kxg7
22.Ra1 Rxa1 23.Rxa1 c6 24.Bf3 Re8 25.d4 Kf6 26.h4 h6 27.d5 cxb5 28.c5 g5
29.Rb1 gxh4 30.gxh4 d6 31.Rxb5 dxc5 32.Rxc5 Ke5 33.Rb5 Rd8 34.d6+ Kf4 35.Bxb7 Bxb7
36.Rxb7 Rxd6 37.Kg2 Rg6+ 38.Kf1 Kg4 39.Rb4+ f4 40.Kg2 Rf6 41.Ra4 Kxh4 42.Kf3 Kg5
43.Ra5+ Rf5 44.Ra8 Rf6 45.Ra5+ Rf5 46.Ra8  1/2-1/2

[Event "Tch-SWE 2002-3"]
[Site "Sweden SWE"]
[Date "2002.11.16"]
[Round "4"]
[White "Larsson,P"]
[Black "Carlsson,P"]
[Result "1/2-1/2"]
[WhiteElo "2350"]
[BlackElo "2371"]

1.c4 e5 2.g3 Nf6 3.Bg2 c6 4.d4 Bb4+ 5.Bd2 Bxd2+ 6.Qxd2 d6 7.dxe5 dxe5 8.Qxd8+ Kxd8
9.Nf3 Re8 10.Ng5 Re7 11.Nc3 Bf5 12.Nge4 Bxe4 13.Nxe4 Nxe4 14.O-O-O+ Kc7 15.Bxe4 Nd7
16.Bc2 a5 17.Rd2 Nc5 18.h4 h5 19.Rhd1 Rae8 20.e3 g6 21.b3 f5 22.Kb2 Rd7 23.Kc3 Rxd2
24.Rxd2  1/2-1/2

[Event "40th Ann Open"]
[Site "Curacao AHO"]
[Date "2002.11.23"]
[Round "5"]
[White "Loew,G"]
[Black "Duesterwald,M"]
[Result "0-1"]
[WhiteElo "2268"]
[BlackElo "2213"]

1.c4 e5 2.g3 Nc6 3.Bg2 g6 4.Nc3 Bg7 5.e4 d6 6.Nge2 Nh6 7.d3 O-O 8.h4 f5 9.Bg5 Qd7
10.Nd5 f4 11.Qd2 Ng4 12.f3 h6 13.Bh3 hxg5 14.Bxg4 Qd8 15.Bxc8 Rxc8 16.hxg5 fxg3
17.O-O-O Rxf3 18.Rdg1 Nd4 19.Nxg3 c6 20.Ne3 Qb6 21.Ng4 Rf4 22.Ne2 Nf3 23.Nxf4 Nxd2
24.Nxg6 Kf7 25.Nh4 d5 26.Kxd2 Qxb2+ 27.Kd1 dxc4 28.g6+ Ke6 29.Nf5 Rg8 30.dxc4 Rd8+
31.Ke1 Rd2 32.Nxg7+ Kd6 33.Nf5+ Kc5  0-1